Villes du Var (83) - Mort subite - Statistiques

Statistiques générales
  • Ce quiz a été pris 180 fois
  • Le résultat moyen est 11 sur 20
Answers on the Grid
Answers color-coded by a green-red scale on the quiz's grid according to % correct below.
Toulon
Fréjus
Draguignan
Hyères
Ollioules
Saint-Tropez
Brignoles
Saint-Maximin-la-Sainte-Baume
Saint-Cyr-sur-Mer
Vidauban
Saint-Raphaël
Le Lavandou
Sainte-Maxime
Roquebrune-sur-Argens
La Seyne-sur-Mer
Six-Fours-les-Plages
La Valette-du-Var
Cuers
Cogolin
Le Luc
Saint-Laurent-du-Var
Roquebrune-Cap-Martin
Mandelieu-la-Napoule
Castellane
La Ciotat
Cassis
Cagnes-sur-Mer
Valensole
Marignane
Vallauris
 
Statistiques - réponses
Réponse % Correct
Toulon
75%
Hyères
70%
Saint-Tropez
65%
Fréjus
64%
Draguignan
62%
Brignoles
59%
Le Lavandou
59%
Ollioules
59%
Saint-Raphaël
59%
La Valette-du-Var
56%
La Seyne-sur-Mer
55%
Six-Fours-les-Plages
54%
Sainte-Maxime
53%
Saint-Maximin-la-Sainte-Baume
52%
Cogolin
51%
Le Luc
47%
Roquebrune-sur-Argens
47%
Cuers
46%
Saint-Cyr-sur-Mer
44%
Vidauban
42%
Aucun quiz correspondant
Distribution des résultats
% des personnes avec chaque résultat
Percentile par nombre de réponses
Votre historique - résultats
Vous n’avez pas pris ce quiz